000 00318nam a22001337a 4500
008 170724b xxu||||| |||| 00| 0 eng d
020 _a066478035100349500000000
041 _aeng
080 _a004
100 _a29
101 _aSHKI
245 _aDATABASE DESIGN FOR MERE MORTALS
_cHERNANDEZ, M.J
942 _2udc
_cBK
999 _c21827
_d21827